Statistiques concernant Culture Générale - Série 1445

Cliquez ici pour prendre le quiz!

Statistiques générales

  • Ce quiz a été pris 79 fois
  • Le résultat moyen est 6 sur 10

Statistiques - réponses

QuestionRéponse% Correct
Quelle est la capitale de la République d'Haïti ?Port-au-Prince
86%
Quel pays compte parmi ses territoires le Yukon et le Nunavut ?Canada
82%
Quelle belle blonde en a émoustillé plus d'un en croisant et décroisant ses jambes, dans "Basic Instinct" ?Sharon Stone
74%
Dans la série télévisée de 1969 "L'Homme du Picardie", quel type d'embarcation fluviale était "Le Picardie" ?péniche
67%
Dans une adresse Internet, le sigle www signifie "world wide...web
63%
Quelle était la nationalité du père de Louis de Funès ?espagnole
62%
En 2008, dans quelle comédie musicale Meryl Streep s'imagine-t-elle riche en chantant "Money, Money, Money" du groupe ABBA ?Mamma Mia
47%
Dans quel hebdomadaire lancé en 1959, Astérix et Achille Talon ont-ils vu le jour ?Pilote
45%
Quel pays d'Afrique était appelé le Dahomey, jusqu'en 1975 ?Bénin
42%
Dans quelle commune du Var peut-on se recueillir sur la tombe du comédien Gérard Philipe ?Ramatuelle
19%

Distribution des résultats

Percentile par nombre de réponses

% des personnes avec chaque résultat

Votre développement - résultats

Vous n’avez pas pris ce quiz